Mesto Poprad splnilo podmienky pre obhájenie najvyššieho ratingu

Bibliographic Details
Format: Article
Language:Slovak
Subjects:

MARC

LEADER 00000nab a2200000 ar4500
001 vtls009004906
003 SK-MaSNL
005 20260303065650.0
008 070704c2007 xo wr|p|||||||000 b|slo
038 |a PPPK 
040 |a PPPKCL  |b slo  |c PPPK  |e AACR2 
041 0 |a slo 
044 |a xo  |c SK 
080 |a 332.1  |x (437.675)  |2 1997 
080 |a 338.1  |x (437.675)  |2 1997 
245 0 0 |a Mesto Poprad splnilo podmienky pre obhájenie najvyššieho ratingu  |c [autor] (zpo) 
650 0 7 |a rating  |y 2006  |2 pppkcl  |9 1063110 
651 7 |a Poprad (Slovensko)  |2 pppkcl  |9 20155 
773 0 |t Poprad : noviny občanov mesta  |g Roč. XVIII, č. 42 (2007), s. 1 
852 |a PPPK  |b KIS3GCP 
999 |c 1752113  |d 1754043